|
|
|
|
| LEADER |
01048nam a22002777a 4500 |
| 001 |
40992 |
| 003 |
BD-DhAAL |
| 008 |
230322t2009 bg ||||| |||| 00| 0 ben d |
| 020 |
|
|
|a 9847019300728
|
| 040 |
|
|
|a BD-DhAAL
|c BD-DhAAL
|
| 041 |
|
|
|a ben
|
| 082 |
|
|
|a 891.443
|2 23
|
| 100 |
|
|
|a শাকুর, আবদুশ
|
| 245 |
|
|
|a রসিক বাঙালি /
|c আবদুশ শাকুর.
|
| 246 |
|
|
|a Roshik Bangali
|
| 246 |
|
|
|a Essays on writers of belles
|
| 260 |
|
|
|a ঢাকা :
|b ঐতিহ্য,
|c ২০০৯.
|
| 300 |
|
|
|a ২২৩ পৃষ্ঠা ;
|c ২২ সে.মি.
|
| 541 |
|
|
|a Donated By Akbar Ali Khan
|e 40992
|
| 650 |
|
|
|a Short stories, Bengali.
|
| 650 |
|
|
|a Bengali wit and humor.
|
| 650 |
|
|
|a Bengali literature.
|
| 852 |
|
|
|a Ayesha Abed Library
|c Akbar Ali Khan Collection
|
| 942 |
|
|
|2 ddc
|c BK
|
| 999 |
|
|
|c 45620
|d 45620
|
| 952 |
|
|
|0 0
|1 0
|2 ddc
|4 0
|6 891_443000000000000_SHA
|7 1
|9 73449
|a BRACUL
|b BRACUL
|c AAKC
|d 2023-03-22
|e Donated By Akbar Ali Khan
|g 280.00
|l 0
|o 891.443 SHA
|p 3010040992
|r 2023-03-22
|t 1
|w 2023-03-22
|y BK
|